The double Whammy revisited: the impact of exposure to domestic violence and being a victim of parent to child violence (Record no. 50348)

000 -LEADER
fixed length control field 00503pab a2200169 454500
008 - FIXED-LENGTH DATA ELEMENTS--GENERAL INFORMATION
fixed length control field 180718b2001 xxu||||| |||| 00| 0 eng d
100 ## - MAIN ENTRY--PERSONAL NAME
Personal name Verman, Amy Sil
245 ## - TITLE STATEMENT
Title The double Whammy revisited: the impact of exposure to domestic violence and being a victim of parent to child violence
260 ## - PUBLICATION, DISTRIBUTION, ETC.
Date of publication, distribution, etc. 2001
300 ## - PHYSICAL DESCRIPTION
Extent p.305-27
362 ## - DATES OF PUBLICATION AND/OR SEQUENTIAL DESIGNATION
Dates of publication and/or sequential designation Jul
650 ## - SUBJECT ADDED ENTRY--TOPICAL TERM
Topical term or geographic name entry element Violence
650 ## - SUBJECT ADDED ENTRY--TOPICAL TERM
Topical term or geographic name entry element Domestic violence
700 ## - ADDED ENTRY--PERSONAL NAME
Personal name Gelles, Richard J.
773 ## - HOST ITEM ENTRY
Main entry heading Indian Journal of Social Work
909 ## -
-- 50348
Holdings
Withdrawn status Lost status Damaged status Not for loan Permanent Location Current Location Date acquired Serial Enumeration / chronology Barcode Date last seen Price effective from Koha item type
        Indian Institute of Public Administration Indian Institute of Public Administration 2018-07-19 Volume no: 62, Issue no: 3 AR50776 2018-07-19 2018-07-19 Articles

Powered by Koha